Loading...
| Beliefs | 1 | 10.00 | 100% | 0% | 0% |
| Fine Arts - Auditory Fine Arts | 1 | 20.00 | 100% | 100% | 0% |
| Fine Arts - Visual Fine Arts | 1 | 20.00 | 100% | 100% | 0% |
| History - American History | 1 | 20.00 | 100% | 100% | 0% |
| History - European History | 1 | 10.00 | 100% | 0% | 0% |
| History - World History | 1 | 20.00 | 100% | 100% | 0% |
| Literature - American Literature | 1 | 20.00 | 100% | 100% | 0% |
| Literature - European Literature | 1 | 20.00 | 100% | 100% | 0% |
| Other Academic | 1 | 10.00 | 100% | 0% | 0% |
| Other Arts: Visual | 1 | 10.00 | 100% | 0% | 0% |
| Other Science: Astronomy | 1 | 20.00 | 100% | 100% | 0% |
| Philosophy | 1 | 10.00 | 100% | 0% | 0% |
| Science - Physics | 1 | 10.00 | 100% | 0% | 0% |
| Social Science | 1 | 0.00 | 0% | 0% | 0% |
| World and Other Literature | 1 | 20.00 | 100% | 100% | 0% |